| 000 | 00897nam a22002297a 4500 | ||
|---|---|---|---|
| 003 | OSt | ||
| 005 | 20230119113632.0 | ||
| 008 | 221006b |||||||| |||| 00| 0 eng d | ||
| 040 | _cBiblioteca Lado V | ||
| 082 |
_a708 _bD598c |
||
| 110 |
_9583 _aDirección de Relaciones Culturales y Científicas _eautor |
||
| 245 |
_aCultura Es Desarrollo/ _bLa red de centros culturales de la cooperación española/ |
||
| 260 |
_bAgencia Española de Cooperación Internacional para el Desarrollo _aEspaña _c2019 |
||
| 300 |
_a237p. _c19x24cm |
||
| 490 | _vtomo 1 | ||
| 650 |
_2Tesauro de Arte & Arquitectura _aCATALOGO |
||
| 650 |
_2Tesauro de Arte & Arquitectura _aARTE-ESPANA |
||
| 650 |
_2Tesauro de Arte & Arquitectura _aEXHIBICION |
||
| 700 |
_aPalacios Murillo, Fabiola _eautor |
||
| 700 |
_aGonzalez Gonzalez, Cinthia Priscila _eautor |
||
| 942 |
_2ddc _c1 _h708 _iD598c _n0 |
||
| 999 |
_c2840 _d2840 |
||